Normal view
MARC view
Entry Corporate Name
001 - CONTROL NUMBER
- control field: 1239374
003 - CONTROL NUMBER IDENTIFIER
- control field: OSt
005 - DATE AND TIME OF LATEST TRANSACTION
- control field: 20260514122511.0
008 - FIXED-LENGTH DATA ELEMENTS
- fixed length control field: 260514|| aca||aabn | a|a d
040 ## - CATALOGING SOURCE
- Original cataloging agency: OSt
- Transcribing agency: OSt
110 ## - HEADING--CORPORATE NAME
- Corporate name or jurisdiction name as entry element: Obstetrics & Gynecology
670 ## - SOURCE DATA FOUND
- Source citation: Work cat.: (OSt)1851437: Sinha Dr.Srita 1239369, Clinical Evaluation of Factors to Predict Successful Vaginal Birth After Cesarean (VBAC) in Cases of Previous one Lower Segment Cesarean Section (LSCS).
